| 000 | 01168nam a22003137a 4500 | ||
|---|---|---|---|
| 005 | 20110524104439.0 | ||
| 008 | 110524t xxu||||| |||| 00| 0 eng d | ||
| 010 | _aENG-102500 | ||
| 020 |
_a9788184503166 _c3150.00 |
||
| 035 | _aEN-86033 | ||
| 037 | _bDBAD / PUB | ||
| 040 |
_adpl _bEnglish |
||
| 082 | _a330.954 | ||
| 100 | h | _927410 | |
| 110 | _927425 | ||
| 245 |
_aDisparities in India : _cedited by Anil Kumar Thakur [and] Dalip Kumar _ba development perspective / |
||
| 260 |
_aNew Delhi _bDeep & Deep Publications _c2011 |
||
| 270 |
_aF-159, Rajouri Garden _bNew Delhi _e110027 _k25435369,25440916 |
||
| 300 |
_aIii, 867 p. _c22cm (Hb) |
||
| 500 | _aIncludes bibliographical references and index | ||
| 650 | _927411 | ||
| 650 | _927412 | ||
| 650 | _927426 | ||
| 700 |
_927415 _aThakur, Anil Kumar |
||
| 700 |
_aDalip Kumar _928228 |
||
| 942 |
_adpl _cEN _2ddc _mDIS _h330.954 |
||
| 999 |
_c52541 _d52541 |
||